1060 1653 1952 1036 1842 1956 1917 1891 1720 1701 1877 1888 1667 1284 1865 1552 1735 1189 1181 1355 1287 1140 1555 1416 1989 1543 1108 1394 1681 1357 1784 1471 1114 1204 1887 1319 1871 1377 1489 1701 1911 1342 1675 1794 1415 1902 1060 1717 1032 1471 1481 1092 1248 1778 1263 1214 1722 1192 1293 1752 1137 1907 1024 1374 1544 1976 1635 1377 1538 1621 1632 1975 1392 1750 1152 1392 1153 1489 1922 1235 1708 1492 1279 1225 1023 1618 1682 1009 1759 1760 1259 1201 1451 1592 1553 1839 1039 1603 1199 BCNSPRNW ULIB Ver.6.0+V

เปลี่ยนเป็นภาษาไทย

Change to English
 แสดงรายละเอียดบรรณานุกรม
  กลับหน้าหลัก

Brief Record : Get Marc (ISO 2709) : E-mail record : QR code < ปิดหน้าต่าง
LEADER : 00000nam 2200000uu 4500
001    13399127532
003     ULIB
008    210114s2561||||th 000 0 tha d
020    ^a9786163983046
060    ^aWY159^bพ236ก
100    ^aพิมพาภรณ์ กลั่นกลิ่น
245    ^aการพยาบาลเด็กเพื่อการสร้างเสริมสุขภาพ
250    ^aพิมพ์ครั้งที่ 2
260    ^a เชียงใหม่ :^bคณะพยาบาลศาสตร์ มหาวิทยาลัยเชียงใหม่.,^c2561
300    ^a239 หน้า :^bภาพประกอบ, ตาราง ;^c26 ซม.
650    ^aการพยาบาลเด็ก
650    ^aการสร้างเสริมสุขภาพ
710    ^aมหาวิทยาลัยเชียงใหม่. โครงการตำราคณะพยาบาลศาสตร์
945    ^p200^l0^i007361
945    ^p200^l0^i007362
945    ^p200^l0^i007363
945    ^p200^l0^i007364
945    ^p200^l0^i007365
945    ^p200^l0^i007366
945    ^p200^l0^i007367
945    ^p200^l0^i007368
945    ^p200^l0^i007369
945    ^p200^l0^i007370
999    ^aประนอม เกษจรัล
รายการนี้ยังไม่มีแท็ก
คุณยังไม่ได้ล็อกอิน คุณสามารถมีกิจกรรมร่วมกับเว็บไซต์ได้ แต่ต้องล็อกอินก่อน ::
  ล็อกอิน

รายการสื่อสารสนเทศ

ลำดับที่ ประเภท เลขเรียก/บาร์โค้ด สถานที่ สถานะ
1. Book การพยาบาล
หนังสือสำรอง
สถานะ=หนังสือสำรอง
WY159 พ236ก ฉ.1 
  Barcode: 007361
ห้องสมุดวิทยาเขตสวรรค์ประชารักษ์
►หนังสือทั่วไป
บนชั้น
2. Book การพยาบาล
Book การพยาบาล
WY159 พ236ก ฉ.10 
  Barcode: 007370
ห้องสมุดวิทยาเขตสวรรค์ประชารักษ์
►หนังสือทั่วไป
บนชั้น
3. Book การพยาบาล
Book การพยาบาล
WY159 พ236ก ฉ.2 
  Barcode: 007362
ห้องสมุดวิทยาเขตสวรรค์ประชารักษ์
►หนังสือทั่วไป
บนชั้น
4. Book การพยาบาล
Book การพยาบาล
WY159 พ236ก ฉ.3 
  Barcode: 007363
ห้องสมุดวิทยาเขตสวรรค์ประชารักษ์
►หนังสือทั่วไป
บนชั้น
5. Book การพยาบาล
Book การพยาบาล
WY159 พ236ก ฉ.4 
  Barcode: 007364
ห้องสมุดวิทยาเขตสวรรค์ประชารักษ์
►หนังสือทั่วไป
บนชั้น
6. Book การพยาบาล
Book การพยาบาล
WY159 พ236ก ฉ.5 
  Barcode: 007365
ห้องสมุดวิทยาเขตสวรรค์ประชารักษ์
►หนังสือทั่วไป
บนชั้น
7. Book การพยาบาล
Book การพยาบาล
WY159 พ236ก ฉ.6 
  Barcode: 007366
ห้องสมุดวิทยาเขตสวรรค์ประชารักษ์
►หนังสือทั่วไป
บนชั้น
8. Book การพยาบาล
Book การพยาบาล
WY159 พ236ก ฉ.7 
  Barcode: 007367
ห้องสมุดวิทยาเขตสวรรค์ประชารักษ์
►หนังสือทั่วไป
บนชั้น
9. Book การพยาบาล
Book การพยาบาล
WY159 พ236ก ฉ.8 
  Barcode: 007368
ห้องสมุดวิทยาเขตสวรรค์ประชารักษ์
►หนังสือทั่วไป
บนชั้น
10. Book การพยาบาล
Book การพยาบาล
WY159 พ236ก ฉ.9 
  Barcode: 007369
ห้องสมุดวิทยาเขตสวรรค์ประชารักษ์
►หนังสือทั่วไป
บนชั้น

รายการใกล้เคียง
    ชื่อเรื่อง [การพยาบาลเด็กเพื่อการสร้างเสริมสุขภาพ]

    ผู้แต่ง [พิมพาภรณ์ กลั่นกลิ่น]

    หัวเรื่อง [การพยาบาลเด็ก]
    หัวเรื่อง [การสร้างเสริมสุขภาพ]

BibComment


ยังไม่เคยถูกคอมเมนท์

คอมเมนท์ทรัพยากรรายการนี้
  คอมเมนท์: การพยาบาลเด็กเพื..


 Copyright 2026. Bcnsprnw @Library